Baláž G. et. al.: Sovremennyj russkij jazyk v sopostavlenii so slovackim. Morfologija

Bibliographic Details
Main Author: Jiráček, Jiří, 1924- (Author)
Format: Article
Language:Slovak
Subjects:

MARC

LEADER 00000nab a2200000 a 4500
001 vtls000462718
003 SK-MaSNL
005 20260303190758.0
008 230223c1992 xo 0 slo
015 |a SNBRB19rr/mm-uuuuu 
035 |a CL0462851 
035 |a urn:nbn:sk:snk-ab2hnp 
035 |a (urnnbn)urn:nbn:sk:snk:ar-a02fq2 
035 |a (uuid)077f9076-5b2c-42c6-a1a7-d3359a515d6e 
040 |a SNKBUCL  |b slo  |c SNKBUCL  |e AACR2 
041 0 |a slo 
044 |a xo  |c SK 
080 |a 801.55:808.2:808.54(075.8)=82  |2 1981 
080 |a 808.2  |2 1981 
080 |a 808.54(075.8)=82  |2 1981 
080 |a 808.54  |2 1981 
080 |a 371.671  |2 1981 
100 1 |a Jiráček, Jiří,  |d 1924-  |4 aut  |9 8945 
245 1 0 |a Baláž G. et. al.: Sovremennyj russkij jazyk v sopostavlenii so slovackim. Morfologija  |c Jiří Jiráček 
650 0 7 |a ruština  |2 snkbucl  |9 1346 
650 0 7 |a morfológia  |2 snkbucl  |9 1322 
655 7 |a články z novín a časopisov  |2 snkbucl  |9 267496 
773 0 |t Slavica slovaca  |g Roč. 27, č. 1 (1992), s. 93-94 
787 0 8 |i Rec.:  |t Sovremennyj russkij jazyk v sopostavlenii so slovackim. Morfologija  |d Bratislava, 
850 |a Slovenská národná knižnica v Martine  |a MTA001 
852 |a SNK  |b KIS3GCP 
954 |a odborná, vedecká literatúra pôvodná (slovenská)  |2 lita 
958 |a RK 
958 |a SU 
958 |a OND 
958 |a EUIPO 
958 |a article27 
992 |a RBX 
999 |c 2137939  |d 2139869